000 01032cam a22003257a 4500
003 CHAP
005 20220817042847.0
008 971013s1978 r 00010 d
010 _a58014
011 _a58986
035 _a63143
040 _cCHAP
082 _a595.752
_bS5
100 0 0 _aSmith, Clyde F.
_9106978
245 1 3 _aAn annotated list of Aphididae (Homoptera) of North America
260 _aRaleigh :
_bNorth Carolina Agricultural. Experiment Station,
_c1978
300 _a428 p.
490 0 _aTechnical bulletin
_v; 255
590 _aBATCH-UPD
_b10
_c20130110
_lUCH01
_h0347
590 _aBATCH-UPD
_b10
_c20130110
_lUCH01
_h1853
590 _aBATCH-UPD
_b10
_c20130410
_lUCH01
_h0020
590 _aBATCH-UPD
_b10
_c20130913
_lUCH01
_h2004
590 _aCONVERSION
_b10
_c20130109
_lUCH01
_h1331
650 1 4 _aAfĂ­didos.
_91031
700 0 _aParron, Carol S.
_985765
830 0 _aTechnical bulletin
_v; 255
901 _aBK
942 _cLIBRO
949 _a595.752 S5
_bBC
_cLIBRO
_d33724000515946
_eLIBRO
_h44683
_i63143
_si
999 _c58014
_d58014